| 000 | 00825nam a22003017a 4500 | ||
|---|---|---|---|
| 003 | DO-SdBNP | ||
| 005 | 20230505121104.0 | ||
| 008 | 180202b1980 sp || 00| 0 spa d | ||
| 020 | _a8430205497 | ||
| 040 |
_aBPMSU _bspa _cBPMSU |
||
| 082 | 4 |
_a641.5632 _bS618r 1980 _222 |
|
| 092 |
_a _b |
||
| 100 | 1 | _aSintes Pros, Jordi | |
| 245 | 1 | 0 |
_aRégimen y cocina para curar las enfermedades de la piel / _6Jordi Sintes Pros |
| 260 |
_aMadrid : _bEditorial Sintes, _c1980. |
||
| 300 |
_a278, [10] p. ; _c22 cm. |
||
| 490 | 0 | _aBiblioteca naturista | |
| 500 | _a | ||
| 590 | _6Inventariado, 2023/VM | ||
| 650 | _a | ||
| 650 | 4 | _aCocina para enfermos | |
| 650 | 4 | _aEnfermedades de la piel | |
| 700 | _e | ||
| 700 | _4 | ||
| 830 | _a | ||
| 910 | _aBTAVAREZ/ VMateo V. Control de calidad (BPMSU) | ||
| 942 |
_2ddc _cBK |
||
| 999 |
_c10801 _d10801 |
||